Statistics for NWSL Number One Draft Picks

Click here to take the quiz!

General Stats

  • This quiz has been taken 68 times
    (37 since last reset)
  • The average score is 7 of 10

Answer Stats

YearAnswerCollege TeamDraft Team% Correct
2020Sophia SmithStanfordPortland Thorns
93%
2022Naomi GirmaStanfordSan Diego Wave
86%
2017Rose LavelleWisconsinBoston Breakers
86%
2019Tierna DavidsonStanfordChicago Red Stars
79%
2016Emily SonnettVirginiaPortland Thorns
76%
2018Andi SullivanStanfordWashington Spirit
72%
2021Emily FoxNorth CarolinaRacing Louisville
72%
2014Crystal DunnNorth CarolinaWashington Spirit
55%
2015Morgan BrianVirginiaHouston Dash
41%
2013Zakiya BywatersUCLAChicago Red Stars
28%

Score Distribution

Percentile by Number Answered

Percent of People with Each Score

Your Score History

You have not taken this quiz since the last reset